| Tag |
First Indicator |
Second Indicator |
Subfields |
| LEADER |
00000cam a2200000 i 4500 |
| 001 |
in00003902221 |
| 005 |
20180214134943.0 |
| 008 |
170613t20172017bcca b 001 0 eng |
| 020 |
|
|
|a 9780774835978
|q (hardcover)
|
| 020 |
|
|
|a 0774835974
|q (hardcover)
|
| 035 |
|
|
|a (OCoLC)ocn985071597
|
| 040 |
|
|
|a NLC
|b eng
|e rda
|c NLC
|d CDX
|d C#P
|d UtOrBLW
|
| 043 |
|
|
|a n-cn---
|
| 049 |
|
|
|a TXAM
|
| 050 |
|
4 |
|a D547.C2
|b D46 2017
|
| 055 |
|
0 |
|a D547 C2
|b D46 2017
|
| 082 |
0 |
|
|a 940.4/1271
|2 23
|
| 100 |
1 |
|
|a Dennis, Patrick M.,
|d 1951-
|e author.
|0 http://id.loc.gov/authorities/names/no2017135946
|
| 245 |
1 |
0 |
|a Reluctant warriors :
|b Canadian conscripts and the Great War /
|c Patrick M. Dennis.
|
| 264 |
|
1 |
|a Vancouver :
|b UBC Press,
|c [2017]
|
| 264 |
|
4 |
|c ©2017
|
| 300 |
|
|
|a xvii, 311 pages :
|b illustrations ;
|c 24 cm.
|
| 336 |
|
|
|a text
|b txt
|2 rdacontent
|
| 337 |
|
|
|a unmediated
|b n
|2 rdamedia
|
| 338 |
|
|
|a volume
|b nc
|2 rdacarrier
|
| 490 |
1 |
|
|a Studies in Canadian military history
|
| 504 |
|
|
|a Includes bibliographical references and index.
|
| 520 |
|
|
|a During the "Hundred Days" campaign of the First World War, over thirty percent of conscripts who served in the Canadian Corps became casualties. Yet, they were often considered slackers for not having volunteered. Reluctant Warriors is the first examination of the pivotal role played by Canadian conscripts in the final campaign of the Great War on the Western Front. Challenging long-standing myths, this book examines whether conscripts made any significant difference to the success of the Canadian Corps in 1918. Reluctant Warriors provides fresh evidence that conscripts were good soldiers who made a crucial contribution to the war effort.
|
| 530 |
|
|
|a Issued also in electronic formats.
|
| 610 |
1 |
0 |
|a Canada.
|b Canadian Army
|x Recruiting, enlistment, etc.
|y World War, 1914-1918.
|
| 610 |
1 |
0 |
|a Canada.
|b Canadian Army
|x History.
|
| 650 |
|
0 |
|a Draft
|z Canada
|x History
|y 20th century.
|
| 650 |
|
0 |
|a Draftees
|z Canada
|x History
|y 20th century.
|
| 650 |
|
0 |
|a World War, 1914-1918
|x Casualties
|z Canada.
|
| 651 |
|
0 |
|a Canada
|x Armed Forces
|x Recruiting, enlistment, etc.
|y World War, 1914-1918.
|
| 651 |
|
0 |
|a Canada
|x Armed Forces
|x History
|y 20th century.
|
| 650 |
|
0 |
|a World War, 1914-1918
|z Canada.
|0 http://id.loc.gov/authorities/subjects/sh2008113811
|
| 651 |
|
0 |
|a Canada
|x History, Military
|y 20th century.
|
| 650 |
|
0 |
|a Soldiers
|z Canada
|x History
|y 20th century.
|
| 830 |
|
0 |
|a Studies in Canadian military history.
|0 http://id.loc.gov/authorities/names/no2002062945
|
| 945 |
|
|
|b 288444
|
| 947 |
|
|
|a A14850242521
|
| 948 |
|
|
|a cataloged
|b h
|c 2017/10/27
|d c
|e dmitchel
|f 8:30:20 pm
|
| 994 |
|
|
|a C0
|b TXA
|
| 999 |
f |
f |
|s 35b924b9-a8b0-37d6-adc8-ab790378fe59
|i 6f771298-afba-3c7b-9568-8c99c892578b
|t 0
|
| 952 |
f |
f |
|p normal
|a Texas A&M University
|b College Station
|c Sterling C. Evans Library
|d Evans: Library Stacks
|t 0
|e D547.C2 D46 2017
|h Library of Congress classification
|i unmediated -- volume
|m A14850242521
|
| 998 |
f |
f |
|a D547.C2 D46 2017
|t 0
|l Evans: Library Stacks
|